[Event "14th Master Open"]
[Site "Voronezh RUS"]
[Date "2010.06.13"]
[Round "2"]
[White "Yatzenko,A"]
[Black "Meribanov,V"]
[Result "1/2-1/2"]
[WhiteElo "2345"]
[BlackElo "2151"]

1.e4 c5 2.Nf3 Nc6 3.Bb5 g6 4.Bxc6 dxc6 5.d3 Bg7 6.h3 e5 7.Nc3 Qe7 8.Be3 Nf6
9.Qd2 Nd7 10.Bh6 f6 11.g4 Nf8 12.Bxg7 Qxg7 13.O-O-O Ne6 14.Ne2 Bd7 15.Nh2 O-O-O
16.f4 exf4 17.Nxf4 b6 18.Rhf1 Rhf8 19.Nf3 Kb7 20.Rf2 Nxf4 21.Qxf4 Be6 22.Rfd2 Qe7
23.c4 Rd7 24.Kc2 h5 25.Rf1 hxg4 26.hxg4 Rfd8 27.b3 g5 28.Qg3 Bf7 29.Re1 Bg6
30.Re3 Qh7 31.Qh2 Qg7 32.e5 fxe5 33.Qxe5 Qh7 34.Nxg5 Rxd3 35.Rexd3 Rxd3 36.Rxd3 Bxd3+
37.Kc3 Qd7 38.Ne6 Bg6 39.Qg7 Qxg7+ 40.Nxg7 Kc7 41.Ne6+ Kd6 42.Nf4 Bb1 43.Nd3 Ke6
44.a3  1/2-1/2

[Event "Open"]
[Site "Teplice CZE"]
[Date "2010.06.14"]
[Round "3"]
[White "Hamala,M"]
[Black "Maly,Jiri"]
[Result "1/2-1/2"]
[WhiteElo "1977"]
[BlackElo "1720"]

1.e4 c5 2.Nf3 Nc6 3.Bb5 a6 4.Bxc6 bxc6 5.h3 d6 6.O-O e5 7.d3 Nf6 8.Nc3 h6
9.Nh2 d5 10.f4 exf4 11.e5 Nh7 12.Bxf4 Be6 13.Qe2 Be7 14.b3 O-O 15.a4 a5 16.Kh1 Rb8
17.Ng4 Rb4 18.Qf2 Bxg4 19.hxg4 g5 20.Bh2 Rxg4 21.Qe2 Qd7 22.Rf3 Qe6 23.Raf1 f5
24.Nd1 f4 25.Rh3 Rf6 26.Nf2 Rh4 27.Rxh4 gxh4 28.Nh3 Rf5 29.Nxf4 Rxe5 30.Qd2 Qf5
31.Qxa5 Qc8 32.Ng6 Re6 33.Nxe7+ Rxe7 34.Qxc5 Qd7 35.Qd4 h3 36.gxh3 Qxh3 37.Rg1+ Ng5
38.Qg4 Qxg4 39.Rxg4 Kf7  1/2-1/2

[Event "14th FIDE Open"]
[Site "Voronezh RUS"]
[Date "2010.06.14"]
[Round "3"]
[White "Gritsenko,V"]
[Black "Andreev,Vo"]
[Result "1-0"]
[WhiteElo "2223"]
[BlackElo "1999"]

1.e4 c5 2.Nf3 Nc6 3.Bb5 e6 4.O-O g6 5.Bxc6 bxc6 6.d4 Rb8 7.c4 Bg7 8.dxc5 Qe7
9.Nc3 Qxc5 10.e5 Qxc4 11.Re1 f5 12.Na4 Nh6 13.b3 Qd5 14.Qc2 Nf7 15.Ba3 Bf8
16.Bxf8 Rxf8 17.Nc5 Rb5 18.Rac1 d6 19.exd6 Qxd6 20.a4 Rb6 21.Rcd1 Qe7 22.Qc3 g5
23.a5 Rb5 24.b4 g4 25.Nd4 Rb8 26.Nxf5  1-0

[Event "14th Master Open"]
[Site "Voronezh RUS"]
[Date "2010.06.14"]
[Round "3"]
[White "Komiagina,M"]
[Black "Polonovsky,E"]
[Result "1-0"]
[WhiteElo "2258"]
[BlackElo "2169"]

1.e4 c5 2.Nf3 Nc6 3.Bb5 g6 4.Bxc6 dxc6 5.d3 Bg7 6.h3 Nf6 7.Nc3 Nd7 8.Be3 e5
9.Qd2 Qe7 10.Bh6 f6 11.Nh2 Nf8 12.Bxg7 Qxg7 13.f4 Ne6 14.Ne2 Nd4 15.Nxd4 cxd4
16.fxe5 fxe5 17.Rf1 Rf8 18.O-O-O Be6 19.Nf3 Kd7 20.Qb4 Kc7 21.Qc5 Rfe8 22.Nxe5 Bxa2
23.Nf3 b6 24.Qxd4 Qh6+ 25.Rd2 Bg8 26.Ne5 Rad8 27.Qc3 Rd6 28.Ng4 Qg5 29.Nf6 Red8
30.e5 Re6 31.d4 Kb7 32.Kb1 Qh4 33.Nxg8 Rxg8 34.Rf7+ Kb8 35.Qa3  1-0

[Event "14th Master Open"]
[Site "Voronezh RUS"]
[Date "2010.06.15"]
[Round "4"]
[White "Kalegin,E"]
[Black "Pasiev,R"]
[Result "1-0"]
[WhiteElo "2458"]
[BlackElo "2275"]

1.e4 c5 2.Nf3 Nc6 3.Bb5 g6 4.Bxc6 dxc6 5.d3 Bg7 6.h3 e5 7.Be3 b6 8.Qd2 Qe7
9.a3 a5 10.O-O h6 11.Nc3 Nf6 12.Na4 Nd7 13.b4 f5 14.Qc3 f4 15.Bd2 O-O 16.bxa5 bxa5
17.Qb3+ Kh7 18.Nb6 Nxb6 19.Qxb6 Ra6 20.Qb2 g5 21.Bc3 Re8 22.Nd2 h5 23.f3 c4
24.d4 Qa7 25.Kh1 exd4 26.Bxa5 c3 27.Qc1 Rxa5 28.Nc4 Ra4 29.Nd6 Rd8 30.Nf5 Qc5
31.g4 h4 32.Rd1 Ba6 33.Qb1 Be5 34.Qb3 Qc4 35.Qb6 Rb8 36.Qa7+ Bb7 37.Qb6 Bc8
38.Qd8 Bxf5 39.Qe7+ Bg7 40.gxf5 Rf8 41.Qxg5 Rf6 42.Rg1 Qf7 43.Rg2 Bh6 44.Qxh4 c5
45.Rag1 Raa6 46.e5 Rxf5 47.Rg7+ Qxg7 48.Rxg7+ Kxg7 49.Qg4+ Rg5 50.Qd7+ Kg6
51.e6 Rxe6 52.Qxe6+ Kh7 53.h4 Rg7 54.Qf5+  1-0

[Event "14th FIDE Open"]
[Site "Voronezh RUS"]
[Date "2010.06.15"]
[Round "4"]
[White "Dubov,Danil"]
[Black "Klimentov,R"]
[Result "1-0"]
[WhiteElo "2190"]
[BlackElo "2262"]

1.e4 c5 2.Nf3 Nc6 3.Bb5 d6 4.O-O Bd7 5.c3 a6 6.Bxc6 Bxc6 7.Re1 Nf6 8.d4 Bxe4
9.Bg5 Bxf3 10.Qxf3 d5 11.Bxf6 gxf6 12.Qxf6 Rg8 13.dxc5 e6 14.Qd4 Rc8 15.b4 Qg5
16.g3 Bg7 17.Qd3 Kf8 18.Nd2 Qg6 19.Qe3 Qf6 20.Rac1 h5 21.Qe2 h4 22.Nf3 hxg3
23.fxg3 Rd8 24.Rf1 Qh6 25.Ne5 Bxe5 26.Qxe5 Rd7 27.Rc2 Rg4 28.Rcf2 Re7 29.a4 Re4
30.Qb8+ Kg7 31.Qd8 Qg5 32.Rxf7+  1-0

[Event "14th FIDE Open"]
[Site "Voronezh RUS"]
[Date "2010.06.16"]
[Round "5"]
[White "Katkov,V"]
[Black "Danilov,Yuri"]
[Result "1-0"]
[WhiteElo "2108"]
[BlackElo "1785"]

1.e4 c5 2.Nf3 Nc6 3.Bb5 g6 4.O-O Bg7 5.c3 a6 6.Bxc6 bxc6 7.d4 cxd4 8.cxd4 Nf6
9.Nc3 O-O 10.Bg5 Rb8 11.e5 Ne8 12.Qe2 Nc7 13.Rfd1 Ne6 14.Bh4 f6 15.exf6 Bxf6
16.Bg3 Rb4 17.d5 Nf4 18.Qd2 Bg7 19.dxc6 Bh6 20.Bxf4 Rbxf4 21.Qe2 Qe8 22.Nd5 R4f7
23.Nc7 Qd8 24.Ne6 Qe8 25.Nxf8 Bxf8 26.Ne5 Rf6 27.cxd7 Bxd7 28.Nxd7  1-0

[Event "Sveins Minneturnering"]
[Site "Oslo NOR"]
[Date "2010.06.18"]
[Round "1"]
[White "Moen,OC"]
[Black "Kjoita,H"]
[Result "1/2-1/2"]
[WhiteElo "2233"]
[BlackElo "1813"]

1.e4 c5 2.Nf3 Nc6 3.Bb5 Nd4 4.Nxd4 cxd4 5.O-O a6 6.Ba4 g6 7.c3 b5 8.Bb3 Bg7
9.d3 e6 10.Re1 Qc7 11.Bd2 Ne7 12.cxd4 Bxd4 13.Bc3 Nc6 14.Nd2 O-O 15.Rc1 Qb6
16.Qf3 Bb7 17.Qg3 Ne5 18.Kh1 Rac8 19.f4 Bf2 20.Qh3 Bxe1 21.Rxe1 f6 22.fxe5 b4
23.Nc4 Rxc4 24.Bxc4 bxc3 25.bxc3 fxe5 26.Qg3 Qf2 27.Qxf2 Rxf2 28.Kg1 Rb2
29.h4 Kg7 30.Bb3 Rd2 31.Rd1 Rxd1+ 32.Bxd1 d5 33.exd5 exd5 34.d4 Kf6 35.Bg4 Bc6
36.Kf2 g5 37.g3 h6 38.Ke3 Bb5 39.Bc8 Bc4 40.a3 a5 41.Bd7 e4 42.Ba4 Kf5 43.Kf2 gxh4
44.gxh4 Kg4 45.Ke3 Kxh4 46.Kf4 Kh3 47.Bd1 Kg2 48.Ke3 Kg3 49.Bh5 Kh4 50.Bf7 Kg5
51.Be6 h5 52.Bd7 Kf6 53.Kf4 h4 54.Bh3 Bb5 55.Ke3 Ke7 56.Kf4 Bd7 57.Bf1 h3
58.Kg3 Kf6 59.c4 dxc4 60.Bxc4 Kg5 61.Bf1 Bg4 62.a4 e3 63.Bxh3 e2 64.Kf2 Bxh3
65.Kxe2 Kf4 66.Kd3 Bd7 67.Kc3 Bxa4 68.Kb2 Ke4 69.Ka1 Bb3 70.Kb2 a4 71.Ka1 a3
72.Kb1 a2+ 73.Ka1 Kxd4 74.Kb2 Kd3 75.Ka1 Kc2  1/2-1/2

[Event "Open"]
[Site "Teplice CZE"]
[Date "2010.06.18"]
[Round "7"]
[White "Hajek,Jar"]
[Black "Mikes,J"]
[Result "1-0"]
[WhiteElo "2002"]
[BlackElo "1789"]

1.e4 c5 2.Nf3 Nc6 3.Bb5 a6 4.Bxc6 dxc6 5.O-O Bg4 6.h3 Bh5 7.b3 e6 8.Bb2 Nf6
9.d3 Be7 10.Nbd2 b5 11.g4 Bg6 12.Ne5 Qc7 13.f4 h6 14.Nxg6 fxg6 15.Be5 Bd6
16.Nf3 Ng8 17.Qd2 Bxe5 18.Nxe5 Ne7 19.Qc3 Qa7 20.Kg2 Rd8 21.a4 O-O 22.Rf3 Rd4
23.Qe1 Rd6 24.Qf2 Ra8 25.Rf1 bxa4 26.bxa4 Rb8 27.Nc4 Rd7 28.a5 Rdb7 29.Nb6 Rxb6
30.axb6 Qxb6 31.Ra1 a5 32.Ra4 Ra8 33.Qg1 Qb5 34.Qa1 Nc8 35.Qa2 Kh7 36.c4 Qa6
37.Rf1 Nb6 38.Ra3 a4 39.Qd2 Qa7 40.Qf2 Qe7 41.Rb1 Ra6 42.Ra2 Qd6 43.Qe3 Nd7
44.Rb7 Rb6 45.e5 Qe7 46.Ra7 Rb1 47.R7xa4 Qh4 48.Qf2  1-0

[Event "14th Master Open"]
[Site "Voronezh RUS"]
[Date "2010.06.18"]
[Round "6"]
[White "Turutin,A"]
[Black "Komiagina,M"]
[Result "1-0"]
[WhiteElo "2380"]
[BlackElo "2258"]

1.e4 c5 2.Nf3 Nc6 3.Bb5 g6 4.Bxc6 bxc6 5.O-O Bg7 6.Re1 Nh6 7.c3 O-O 8.d4 cxd4
9.cxd4 f6 10.Qc2 Nf7 11.Nbd2 Ba6 12.Nb3 Qb6 13.Be3 d6 14.Rac1 Rfc8 15.Qd2 Rab8
16.Rc2 Bb5 17.Na5 Qa6 18.Rec1 d5 19.Nb3 dxe4 20.Nc5 Qxa2 21.b3 Qxc2 22.Qxc2 exf3
23.gxf3 Nd6 24.Qa2 Ra8 25.b4+ Kh8 26.Qe6 Re8 27.Nb3 Bf8 28.Na5 Rac8 29.Rc5 Red8
30.Kg2 Kg7 31.h3 Kh8 32.Kh2 Kg7 33.Kg2 Kh8 34.Kh1 Be2 35.Kg2 Bb5 36.Bc1 Kg7
37.Bb2 Rb8 38.d5 cxd5 39.Rc7 Ne8 40.Rxa7 d4 41.Nb3 Rd6 42.Rxe7+ Bxe7 43.Qxe7+ Kg8
44.Nxd4 Bc4 45.b5 Rdb6 46.Ba3 Ng7 47.Nc6 Re8 48.Qc5 Rxc6 49.Qxc6 Be6 50.b6 Rc8
51.Qd6  1-0

[Event "14th Master Open"]
[Site "Voronezh RUS"]
[Date "2010.06.18"]
[Round "6"]
[White "Schepetkova,M"]
[Black "Stetsko,L"]
[Result "0-1"]
[WhiteElo "2189"]
[BlackElo "2127"]

1.e4 c5 2.Nf3 Nc6 3.Bb5 d6 4.Bxc6+ bxc6 5.O-O Bg4 6.h3 Bh5 7.e5 dxe5 8.g4 e4
9.gxh5 exf3 10.Nc3 e6 11.Qxf3 Qd7 12.d3 Ne7 13.Re1 Nd5 14.Ne4 Be7 15.Bd2 Nf6
16.Bc3 Qd5 17.Bxf6 gxf6 18.c4 Qd4 19.Ng3 Qd7 20.Rad1 Rg8 21.Kh2 O-O-O 22.b4 cxb4
23.d4 Rg5 24.a3 Bd6 25.axb4 Rdg8 26.Rg1 Bxb4 27.Qxf6 Bd6 28.Qf3 Rf5 29.Qe2 Bb8
30.Kh1 Rfg5 31.Kh2 Qd6 32.Rd3 Rf5 33.Rg2 Qf4 34.Rb3 Qxd4 35.Qa2 Qe5 36.Qa6+ Kd7
37.Rd3+ Ke7 38.Qxc6 Rxh5 39.Qd7+ Kf6 40.Rf3+ Rf5 41.Rxf5+ exf5 42.Kh1 Rg5
43.Qd8+ Kg6 44.h4 Rg4 45.Qg8+ Kf6 46.Qh8+ Kg6 47.h5+ Kg5 48.Qd8+ f6 49.Qg8+ Kf4
50.Ne2+ Qxe2 51.Qxb8+ Qe5 52.Rxg4+ fxg4 53.Qb7 Qe1+ 54.Kg2  0-1

[Event "14th FIDE Open"]
[Site "Voronezh RUS"]
[Date "2010.06.19"]
[Round "7"]
[White "Polyansky,V"]
[Black "Magrifin,I"]
[Result "0-1"]
[WhiteElo "1998"]
[BlackElo "2168"]

1.e4 c5 2.Nf3 Nc6 3.Bb5 g6 4.O-O Bg7 5.Re1 e5 6.Nc3 Nge7 7.Nd5 O-O 8.Nxe7+ Qxe7
9.d3 d6 10.h3 h6 11.Nh2 Be6 12.Bxc6 bxc6 13.Ng4 Kh7 14.Nh2 Rab8 15.c3 Qd7
16.Rf1 f5 17.exf5 Bxf5 18.f3 Qf7 19.c4 Rfd8 20.g4 Be6 21.Qe2 d5 22.b3 Qe7
23.Bb2 Re8 24.Rae1 Qh4 25.Kg2 h5 26.Qf2 Qg5 27.f4 Qxf4 28.Qe2 Qg5 29.Nf3 Qe7
30.Nxe5 hxg4 31.hxg4 d4 32.Nf3 Kg8 33.Bc1 Qd7 34.Qe4 Bf5 35.Qf4 Bxg4 36.Rxe8+ Rxe8
37.Rf2 Bh3+ 38.Kg3 Bf5 39.Ba3 Bf8  0-1

[Event "14th FIDE Open"]
[Site "Voronezh RUS"]
[Date "2010.06.20"]
[Round "8"]
[White "Tatekhin,V"]
[Black "Klimentov,R"]
[Result "1/2-1/2"]
[WhiteElo "2045"]
[BlackElo "2262"]

1.e4 c5 2.Nf3 Nc6 3.Bb5 d6 4.O-O e5 5.c3 a6 6.Bxc6+ bxc6 7.d4 cxd4 8.cxd4 Qc7
9.dxe5 dxe5 10.Nc3 Be7 11.Qa4 Bd7 12.Rd1 Nf6 13.Bg5 O-O 14.Nxe5 Qxe5 15.Bxf6 Qxf6
16.Rxd7 Rfb8 17.Rd2 Rb4 18.Qc2 Rab8 19.b3 h5 20.Rad1 h4 21.h3 Qe5 22.Rd3 g6
23.Qe2 Re8 24.Qf3 Bf6 25.Re1 Kg7 26.Nb1 Rxe4 27.Rxe4 Qxe4 28.Qxe4 Rxe4 29.Kf1 c5
30.Nd2 Re6 31.Rd5 Be7 32.Nc4 f6 33.Rd7 Kf8 34.Ne3 Ke8 35.Rd3 Kf7 36.Ke2 Rd6  1/2-1/2

[Event "14th FIDE Open"]
[Site "Voronezh RUS"]
[Date "2010.06.20"]
[Round "8"]
[White "Shugaev,S"]
[Black "Chernov,Vl2"]
[Result "1/2-1/2"]
[WhiteElo "2128"]
[BlackElo "1992"]

1.e4 c5 2.Nf3 Nc6 3.Bb5 d6 4.O-O Bd7 5.c3 a6 6.Bxc6 Bxc6 7.Re1 e5 8.d4 Qc7
9.d5 Bd7 10.Bg5 Be7 11.Bxe7 Nxe7 12.Nxe5 dxe5 13.d6 Qd8 14.dxe7 Qxe7 15.Nd2 O-O
16.Nc4 Rad8 17.Qe2 Bb5  1/2-1/2

[Event "Sveins Minneturnering"]
[Site "Oslo NOR"]
[Date "2010.06.21"]
[Round "6"]
[White "Skovgaard,T"]
[Black "McVay,Ka"]
[Result "1/2-1/2"]
[WhiteElo "2005"]
[BlackElo "1875"]

1.e4 c5 2.Nf3 Nc6 3.Bb5 e6 4.O-O Nge7 5.Re1 a6 6.Bf1 Qc7 7.c3 Ng6 8.d4 cxd4
9.cxd4 Bb4 10.Bd2 O-O 11.a3 Bxd2 12.Nbxd2 b5 13.Nb3 d6 14.Rc1 Qb6 15.g3 Bb7
16.Bg2 Rac8 17.Qd3 a5 18.Nbd2 a4 19.h4 Na5 20.Rxc8 Rxc8 21.b4 axb3 22.Nxb3 Nc4
23.Nbd2 Ba6 24.Rc1 Qa5 25.Bf1 Nf8 26.Nxc4 bxc4 27.Qc3 Qxc3 28.Rxc3 d5 29.exd5 exd5
30.Bh3 Re8 31.Kf1 Bc8 32.Bxc8 Rxc8 33.Ke2 Ra8 34.Ne1 Ne6 35.Nc2 Kf8 36.Re3 Nc7
37.Kd2 Nb5 38.Re5 Nxa3 39.Nxa3 Rxa3 40.Rxd5 Rd3+ 41.Ke2 Ke7  1/2-1/2

[Event "70th ch-ITA S/F"]
[Site "Torino ITA"]
[Date "2010.06.21"]
[Round "2"]
[White "Martorelli,A"]
[Black "Rombaldoni,Ax"]
[Result "0-1"]
[WhiteElo "2259"]
[BlackElo "2436"]

1.e4 c5 2.Nf3 Nc6 3.Bb5 e5 4.O-O Nge7 5.a4 g6 6.c3 Bg7 7.d4 exd4 8.cxd4 cxd4
9.Bf4 d5 10.exd5 Qxd5 11.Nbd2 O-O 12.Re1 Be6 13.Ne4 a6 14.Bd3 Nb4 15.Bh6 Nec6
16.Bxg7 Kxg7 17.h3 Rfe8 18.Ng3 Qb3 19.Be4 Qxd1 20.Rexd1 Rad8 21.Rd2 d3 22.Ra3 Bd5
23.Bxd5 Rxd5 24.Nf1 f5 25.Rc3 f4 26.Rc4 g5 27.Rd1 Kg6 28.N1d2 Kf5 29.Nb3 Red8
30.Nc5 b5 31.Rc3 Na5 32.axb5 axb5 33.Nb3 Nc4 34.Nbd2 Nd6 35.Rc7 h6 36.Re7 Nc6
37.Rh7 Kg6 38.Rc7 Rc8 39.Rxc8 Nxc8 40.Rc1 N8e7 41.Ne4 Nd4 42.Nxd4 Rxd4 43.Nd2 Kf6
44.Kf1 Ke6 45.Nf3 Rd5 46.Ke1 Nf5 47.Rc6+ Nd6 48.Nd2 Re5+ 49.Kd1 Re2 50.g3 Rxf2
51.Ne4 Rf1+ 52.Kd2 Kd5 53.Rxd6+ Kxe4 54.gxf4 Rf2+ 55.Kc3 Rc2+ 56.Kb3 gxf4
57.Rxh6 Rc5 58.Re6+ Re5 59.Rg6 Rd5 60.Rg1 d2 61.Kc2 Ke3 62.b4 Rd4  0-1

[Event "14th Master Open"]
[Site "Voronezh RUS"]
[Date "2010.06.21"]
[Round "9"]
[White "Gorkavij,V"]
[Black "Meribanov,V"]
[Result "1/2-1/2"]
[WhiteElo "2383"]
[BlackElo "2151"]

1.e4 c5 2.Nf3 Nc6 3.Bb5 g6 4.O-O Bg7 5.c3 Nf6 6.e5 Nd5 7.d4 cxd4 8.cxd4 O-O
9.Nc3 Nc7 10.Bxc6 dxc6 11.Be3 Nd5 12.Qb3 Nb6 13.Ng5 Bf5 14.Rfd1 Qd7 15.Nge4 Bxe4
16.Nxe4 Qd5 17.Qc2 f5 18.exf6 exf6 19.a4 f5 20.Nc3 Qf7 21.Bf4 Rfe8 22.a5 Nd5
23.Bd6 Rad8 24.Bc5 a6 25.Qd3 Nf4 26.Qg3 Ne2+ 27.Nxe2 Rxe2 28.Qc3 Re4 29.f3 Re2
30.Re1 Rde8 31.Rxe2 Rxe2 32.Re1 Qe6 33.Rxe2 Qxe2 34.g3 Qd1+ 35.Kg2 h5 36.h4 Kh7
37.f4 Bf6 38.Qb4 Qe2+ 39.Kg1 Qe3+  1/2-1/2

[Event "14th FIDE Open"]
[Site "Voronezh RUS"]
[Date "2010.06.21"]
[Round "9"]
[White "Klimentov,R"]
[Black "Magrifin,I"]
[Result "1/2-1/2"]
[WhiteElo "2262"]
[BlackElo "2168"]

1.e4 c5 2.Nf3 Nc6 3.Bb5 d6 4.O-O Bd7 5.c3 e5 6.d4 cxd4 7.cxd4 Nf6 8.Nc3 Be7
9.Re1 O-O 10.d5 Nb8 11.Bxd7 Nbxd7 12.Be3 h6 13.h3 Nh7 14.Rc1 a6 15.a4 Ng5
16.Nxg5 Bxg5 17.Bxg5 Qxg5 18.Qg4 Qxg4 19.hxg4 Rfc8 20.f3 Kf8 21.Kf2 Rc4 22.Ke3 Rac8
23.Ne2 Nb6 24.b3 Rxc1 25.Rxc1 Rxc1 26.Nxc1  1/2-1/2

[Event "Open"]
[Site "Eforie Nord ROU"]
[Date "2010.06.24"]
[Round "8"]
[White "Bogdan,Dan"]
[Black "Berescu,A"]
[Result "1/2-1/2"]
[WhiteElo "2350"]
[BlackElo "2464"]

1.e4 c5 2.Nf3 Nc6 3.Bb5 g6 4.O-O Bg7 5.Re1 e5 6.Bxc6 bxc6 7.c3 Ne7 8.d4 cxd4
9.cxd4 exd4 10.Nxd4 O-O 11.Nc3  1/2-1/2

[Event "Open"]
[Site "Eforie Nord ROU"]
[Date "2010.06.25"]
[Round "9"]
[White "Nevednichy,B"]
[Black "Nanu,C"]
[Result "0-1"]
[WhiteElo "2268"]
[BlackElo "2515"]

1.e4 c5 2.Nf3 Nc6 3.Bb5 Qb6 4.Nc3 e6 5.Bxc6 Qxc6 6.d4 cxd4 7.Nxd4 Qc7 8.O-O a6
9.Re1 b5 10.e5 Bb7 11.Bf4 Bb4 12.Re3 Ne7 13.a3 Bc5 14.Rd3 Ng6 15.Bg3 h5 16.h4 Be7
17.Nf3 Rd8 18.Qe2 Bxf3 19.Qxf3 Bxh4 20.Ne4 Be7 21.Rc3 Qb6 22.Rd1 h4 23.Bh2 b4
24.Rd6 Qb5 25.Rc5 Qb8 26.a4 O-O 27.Qh5 Qb7 28.Ng5 Bxg5 29.Qxg5 Rc8 30.Rxc8 Rxc8
31.Qd2 Qe4 32.f3 Qxc2 33.Qxc2 Rxc2 34.b3 Rc3 35.Rxd7 Rxb3 36.Ra7 Rb1+ 37.Kf2 Rb2+
38.Kg1 Ra2  0-1

[Event "ch-PAR"]
[Site "Asuncion URU"]
[Date "2010.06.27"]
[Round "7"]
[White "Jodorcovsky,P"]
[Black "Peralta,E"]
[Result "0-1"]
[WhiteElo "2195"]
[BlackElo "2265"]

1.e4 c5 2.Nf3 Nc6 3.Bb5 g6 4.O-O Bg7 5.Re1 Nf6 6.e5 Nd5 7.Nc3 Nc7 8.Bxc6 dxc6
9.Ne4 Ne6 10.d3 O-O 11.Be3 b6 12.Qd2 a5 13.Bh6 Ra7 14.Bxg7 Kxg7 15.Neg5 h6
16.Nxe6+ Bxe6 17.Qf4 Rd7 18.a3 b5 19.Qe3 Rd5 20.h3 a4 21.Re2 Qd7 22.Rae1 Rd8
23.Qf4 Qb7 24.g4 b4 25.axb4 cxb4 26.Ra1 b3 27.Rxa4 bxc2 28.Rxc2 Rxd3 29.Rd4 Rxf3  0-1

[Event "1st Open"]
[Site "Marrakesh MAR"]
[Date "2010.06.27"]
[Round "3"]
[White "Cwiek,P"]
[Black "Kiss,Pa1"]
[Result "0-1"]
[WhiteElo "1822"]
[BlackElo "2388"]

1.e4 c5 2.Nf3 Nc6 3.Bb5 e6 4.O-O Nge7 5.Re1 a6 6.Bf1 d5 7.c3 dxe4 8.Rxe4 Nf5
9.d3 Be7 10.Na3 O-O 11.Nc2 b5 12.Re1 Bb7 13.d4 cxd4 14.Nfxd4 Nfxd4 15.Nxd4 Nxd4
16.Qxd4 Qxd4 17.cxd4 Bf6 18.Be3 Rfd8 19.Red1 e5 20.dxe5 Bxe5 21.Rxd8+ Rxd8
22.Rb1 Be4 23.Re1 Bxb2 24.Bb6 Re8 25.Bd3 Bc6 26.Rxe8+ Bxe8 27.Be4 Bc3 28.Kf1 Bd7
29.Bd5 Be6 30.Bxe6 fxe6 31.Ke2 Kf7 32.Kd3 Be5 33.h3 Ke7 34.Ke4 Bf6 35.f4 Kd6
36.f5 exf5+ 37.Kxf5 b4 38.Ba5 Kc5 39.g4 Kb5 40.Bc7 a5 41.g5 Bb2 42.h4 a4
43.a3 Bxa3  0-1

[Event "1st Open"]
[Site "Marrakesh MAR"]
[Date "2010.06.28"]
[Round "5"]
[White "Hamdouchi,H"]
[Black "Nafri,K"]
[Result "1-0"]
[WhiteElo "2609"]
[BlackElo "2091"]

1.e4 c5 2.Nf3 Nc6 3.Bb5 e6 4.Bxc6 bxc6 5.d3 Ne7 6.Qe2 Ng6 7.h4 h5 8.e5 Be7
9.Nc3 Qc7 10.Qe4 Rb8 11.a3 Ba6 12.O-O Bf8 13.Ne2 c4 14.dxc4 c5 15.Nf4 Bb7
16.Qe3 Ne7 17.Re1 Nf5 18.Qd3 Be7 19.Nd5 Qd8 20.Nxe7 Qxe7 21.Bg5 f6 22.exf6 gxf6
23.Qxf5 fxg5 24.Qg6+ Kd8 25.Nxg5 Kc7 26.Qd3 Rbf8 27.Qg3+ Kc8 28.Re5 Rf5 29.Rae1 Rhf8
30.Rxf5 Rxf5 31.Ne4 Bxe4 32.Rxe4 Qf6 33.c3 Qh6 34.Qe3 Qf6 35.g3 Qf8 36.Kg2 Qd6
37.b4 Qc6 38.Kg1 Qa4 39.Re5 Qd1+ 40.Kg2  1-0

[Event "IsBank TCh-TUR"]
[Site "Konya TUR"]
[Date "2010.06.30"]
[Round "2"]
[White "Duman,A"]
[Black "Tuncer,U"]
[Result "0-1"]
[WhiteElo "2221"]
[BlackElo "2315"]

1.e4 c5 2.Nf3 Nc6 3.Bb5 g6 4.O-O Bg7 5.Re1 Nf6 6.e5 Nd5 7.Nc3 Nc7 8.Bxc6 dxc6
9.Ne4 Ne6 10.d3 O-O 11.Be3 b6 12.Qd2 Re8 13.Bh6 Bh8 14.Neg5 Ng7 15.Qf4 Nf5
16.Nxf7 Kxf7 17.g4 Kg8 18.gxf5 Bxf5 19.Nh4 e6 20.Nxf5 exf5 21.Bg5 Qd5 22.Bf6 Re6
23.Bxh8 Kxh8 24.Re3 Rae8 25.Qa4 Rxe5 26.Rxe5 Rxe5 27.Qxa7 f4 28.h4 Qe6 29.Qxb6 Kg7
30.Qd8 Qg4+ 31.Kh2 Qe2 32.Kg2 Qg4+ 33.Kh2 Qe2 34.Kg2 Rf5 35.Rc1 Kh6 36.Rh1 f3+
37.Kg3 Qe5+ 38.Kh3 Qe6 39.Kg3 Kh5 40.Qc7 Rf7  0-1

[Event "5th Open"]
[Site "Wroclaw POL"]
[Date "2010.06.30"]
[Round "7"]
[White "Stoma,P"]
[Black "Krupa,M"]
[Result "1-0"]
[WhiteElo "2309"]
[BlackElo "2214"]

1.e4 c5 2.Nf3 Nc6 3.Bb5 g6 4.Bxc6 bxc6 5.O-O Bg7 6.Nc3 Nf6 7.e5 Ng4 8.Re1 f6
9.exf6 Nxf6 10.Qe2 e6 11.d3 O-O 12.Bg5 Rb8 13.b3 Qc7 14.Rad1 Nd5 15.Ne4 d6
16.d4 cxd4 17.Nxd4 e5 18.Nf3 Bf5 19.Qd2 Bxe4 20.Rxe4 Nf6 21.Ra4 d5 22.Qa5 Qxa5
23.Rxa5 Ne4 24.Be3 Nc3 25.Re1 Rf7 26.a4 d4 27.Bd2 e4 28.Ne5 Bxe5 29.Rxe5 Rf5
30.Re6 Nd5 31.R1xe4 d3 32.Rxc6 dxc2 33.g4 Rf7 34.b4 Nf6 35.Rf4 Rd7 36.Rxc2 Nd5
37.Rd4 Nxb4 38.Rxb4 Rxb4 39.Bxb4 Rd4 40.Rc8+ Kf7 41.Rc7+ Ke8 42.Rb7 Rxg4+
43.Kf1 a5 44.Bxa5 Rxa4 45.Bd2 h5 46.h3  1-0

[Event "5th Open"]
[Site "Wroclaw POL"]
[Date "2010.07.01"]
[Round "8"]
[White "Czyz,Ar"]
[Black "Otto,A"]
[Result "1/2-1/2"]
[WhiteElo "2061"]
[BlackElo "2131"]

1.e4 c5 2.Nf3 Nc6 3.Bb5 g6 4.c3 Nf6 5.d3 Bg7 6.Nbd2 O-O 7.Nf1 Nd4 8.Ba4 b5
9.Nxd4 cxd4 10.Bb3 dxc3 11.bxc3 b4 12.Bd2 d5 13.e5 Ng4 14.d4 f6 15.f3 Nh6
16.Ne3 e6 17.exf6 bxc3 18.Bxc3 Qxf6 19.O-O Ba6 20.Re1 Rac8 21.Qd2 Qf4 22.Rad1 Nf5
23.Nxf5 Qxf5 24.Bb4 Rfd8 25.Qe3 Bf8 26.Bxf8 Kxf8 27.Qxe6 Qxe6 28.Rxe6 Bc4
29.Kf2 Bxb3 30.axb3 Rb8 31.Ra1 Rd7 32.Re3 Rb4 33.Ra4 Rdb7 34.Rxb4 Rxb4 35.Rc3 Rxd4
36.Rc8+ Ke7 37.Rc7+ Ke6 38.Rxa7 Rd2+ 39.Ke3 Rxg2 40.Rxh7 Rb2 41.Rb7 Rxh2
42.Rg7 Kf6 43.Rd7 Ke6  1/2-1/2

[Event "IsBank TCh-TUR"]
[Site "Konya TUR"]
[Date "2010.07.02"]
[Round "5"]
[White "Coban,Met"]
[Black "Asikuzun,B"]
[Result "1/2-1/2"]
[WhiteElo "1919"]
[BlackElo "1836"]

1.e4 c5 2.Nf3 Nc6 3.Bb5 g6 4.O-O Bg7 5.Re1 e6 6.Bxc6 dxc6 7.d3 Ne7 8.c3 O-O
9.Be3 b6 10.d4 cxd4 11.cxd4 c5 12.Nc3 cxd4 13.Bxd4 Bb7 14.Bxg7 Kxg7 15.Qa4 Nc6
16.e5 Qe7 17.a3 Rfd8 18.Qf4 a6 19.Rac1 b5 20.Ne4 Nd4 21.Neg5 Be4 22.Nxe4 Rac8
23.Nd6 Rxc1 24.Qxc1 Nf5 25.Nxf5+ exf5 26.Qc3 Qe6 27.h3 Rc8 28.Qd2 Rc5  1/2-1/2

[Event "IsBank TCh-TUR"]
[Site "Konya TUR"]
[Date "2010.07.02"]
[Round "5"]
[White "Yildiz,B"]
[Black "Topel,Z"]
[Result "1/2-1/2"]
[WhiteElo "2229"]
[BlackElo "2226"]

1.e4 c5 2.Nf3 Nc6 3.Bb5 e6 4.O-O Nge7 5.Re1 a6 6.Bxc6 Nxc6 7.d4 cxd4 8.Nxd4 d5
9.Nc3 dxe4 10.Nxc6 Qxd1 11.Rxd1 bxc6 12.Nxe4 Bc5 13.Be3 Rb8 14.b3 O-O 15.Nxc5 Rb5
16.Na4 Rg5 17.f3 e5 18.Kf2 Bf5 19.c4 e4 20.Rd6 exf3 21.Kf1 Re8 22.Re1 h5
23.Rxc6 Rd8 24.h4 Rg3 25.Nc3 Rd2 26.Ne2 Bd3 27.Rxa6 g5 28.Ra5 g4 29.Rd1  1/2-1/2

[Event "9th Open"]
[Site "La Fere FRA"]
[Date "2010.07.04"]
[Round "2"]
[White "Lebon,J"]
[Black "Navel,Jean-Yves"]
[Result "1-0"]
[WhiteElo "2026"]
[BlackElo "1776"]

1.e4 c5 2.Nf3 Nc6 3.Bb5 g6 4.c3 Bg7 5.O-O e6 6.d4 cxd4 7.cxd4 d5 8.exd5 Qxd5
9.Nc3 Qd6 10.d5 exd5 11.Qxd5 Qc7 12.Qe4+ Be6 13.Bf4 Qc8 14.Nd5 Nf6 15.Nxf6+ Bxf6
16.Be5 Ke7 17.Bxc6 Qxc6 18.Qb4+  1-0

[Event "ch-Paris Int"]
[Site "Paris FRA"]
[Date "2010.07.04"]
[Round "2"]
[White "Breder,D"]
[Black "Rendboe,J"]
[Result "1/2-1/2"]
[WhiteElo "2429"]
[BlackElo "2252"]

1.e4 c5 2.Nf3 Nc6 3.Bb5 g6 4.O-O Bg7 5.Re1 e5 6.a3 Nge7 7.b4 cxb4 8.axb4 O-O
9.Bxc6 Nxc6 10.c4 d6 11.b5 Ne7 12.d3 Bd7 13.Nc3 a6 14.Qb3 axb5 15.Rxa8 Qxa8
16.Nxb5 Bxb5 17.cxb5 h6 18.Ba3 Rd8 19.Nd2 Qc8 20.Rc1 Qd7 21.Nc4 Nc8 22.Ne3 Nb6
23.Nd5 Nxd5 24.Qxd5 Bf8 25.Bb2 Rc8 26.g3 h5 27.h4 Be7 28.Kg2 Bxh4 29.gxh4 Qg4+
30.Kh2 Qxh4+ 31.Kg2 Qe7 32.Kg1 Qd7 33.Ba3 Qc7 34.Kg2 Qa5 35.b6  1/2-1/2

[Event "IsBank TCh-TUR"]
[Site "Konya TUR"]
[Date "2010.07.05"]
[Round "8"]
[White "Korkmaz,N"]
[Black "Apaydin,F"]
[Result "0-1"]
[WhiteElo "2199"]
[BlackElo "2179"]

1.e4 c5 2.Nf3 Nc6 3.Bb5 e6 4.O-O Nge7 5.Re1 a6 6.Bf1 Ng6 7.c3 Be7 8.d4 cxd4
9.cxd4 d5 10.Nc3 dxe4 11.Rxe4 O-O 12.g3 Bf6 13.h4 h6 14.Bd3 Nxd4 15.Nxd4 Bxd4
16.Qe2 e5 17.h5 Ne7 18.Be3 Nf5 19.Rd1 Nxe3 20.Rxe3 Qg5 21.Nd5 Qe7 22.Rf3 Bg4
23.Nf6+ gxf6 24.Be4 f5 25.Bxf5 Bxf3 26.Qxf3 Rad8 27.Re1 Kh8 28.Be4 f5 29.Bxf5 Rxf5  0-1

[Event "IsBank TCh-TUR"]
[Site "Konya TUR"]
[Date "2010.07.05"]
[Round "8"]
[White "Adams,Mi"]
[Black "Arslan,Erda"]
[Result "1-0"]
[WhiteElo "2697"]
[BlackElo "2126"]

1.e4 c5 2.Nf3 Nc6 3.Bb5 a6 4.Bxc6 dxc6 5.d3 Bg4 6.h3 Bxf3 7.Qxf3 g6 8.a4 Bg7
9.a5 Nf6 10.Nd2 Nd7 11.O-O O-O 12.Qe2 e5 13.Nc4 Qe7 14.Bd2 Rfe8 15.Rab1 Nf8
16.b4 cxb4 17.Bxb4 c5 18.Bd2 Ne6 19.Rb6 Nd4 20.Qd1 Rad8 21.Ne3 Rd6 22.Nd5 Qd7
23.c3 Nb5 24.Rxd6 Qxd6 25.Qa4 Rb8 26.Rb1 h6 27.Be3 Kh7 28.c4 Nd4 29.Bxd4 exd4
30.f4 Qd8 31.g3 g5 32.Kh2 Qd6 33.Rb6 Qd8 34.f5 Be5 35.Qd1 Bg7 36.Qh5 Kg8
37.f6 Bf8 38.h4  1-0